00423nam a2200121Ia 4500008004100000100002500041245009200066245002500158260005900183650001800242650001500260856002600275170221s9999 xx 000 0 und d aRamalingam Subramani 4aThe Academic Usage of Social Networking Sites by the University Students of Tamil Nadu  cRamalingam Subramani bOnline Journal of Communication and Media Technologies xCommunication xMedia Arts uhttp://www.ojcmt.net/